Paro nacional agrario: paradojas de la acción política para el cambio social /
Guardado en:
| Autor principal: | |
|---|---|
| Otros Autores: | |
| Formato: | Libro |
| Lenguaje: | Spanish |
| Etiquetas: |
Agregar Etiqueta
Sin Etiquetas, Sea el primero en etiquetar este registro!
|
MARC
| LEADER | 00000nam a22000007a 4500 | ||
|---|---|---|---|
| 003 | cru CIDCACS/IIS | ||
| 005 | 20200925161329.0 | ||
| 007 | ta | ||
| 008 | 170420e2016 ec ||||| |||| 00| 0 spa d | ||
| 040 | |c CRAI/IIS |a CRAI/IIS | ||
| 100 | 1 | |9 4289 |a Arias, Mónica | |
| 245 | |a Paro nacional agrario: |b paradojas de la acción política para el cambio social / |c Mónica Arias, Manuel Preciado | ||
| 300 | |a páginas 107-123 | ||
| 700 | 1 | |9 4293 |a Preciado, Manuel | |
| 773 | 0 | |0 18721 |9 648 |a FLACSO, Ecuador |d Quito, Ecuador FLACSO 1997- |o R19093 |t Iconos: |x 13901249 | |
| 942 | |2 ddc |c PP | ||
| 999 | |c 19207 |d 19207 | ||
